000 00418nam a22001697a 4500
005 20160625104801.0
008 160625b xxu||||| |||| 00| 0 eng d
020 _a81-7273-213-9
041 _aeng
082 _b10141
100 _aSharma, Jitendra Kumar
_91836
245 _aDigital Broad Casting Journalism
260 _bAuthours Press
_c2005
300 _a300
650 _aMass Communication
_92660
942 _cBK
999 _c3947
_d3946